I říční doprava má výhody

Výhody vnútrozemskej riečnej dopravy. Ekologická a ekonomická stránka riečnej dopravy. Vplyv prírodných podmienok na riečnu dopravu. Vhodná dopravná technika. Perspektíva rozvoja riečnej dopravy.

Enregistré dans:
Détails bibliographiques
Format: Chapitre de livre
Langue:tchèque
Sujets:
Tags: Ajouter un tag
Pas de tags, Soyez le premier à ajouter un tag!

MARC

LEADER 00000naa$a2200000$$$4500
001 0053934
005 20231128134158.8
041 0 |a cze 
044 |a CZ 
245 1 0 |a I říční doprava má výhody 
520 |a Výhody vnútrozemskej riečnej dopravy. Ekologická a ekonomická stránka riečnej dopravy. Vplyv prírodných podmienok na riečnu dopravu. Vhodná dopravná technika. Perspektíva rozvoja riečnej dopravy. 
610 2 0 |a doprava riečna 
610 2 0 |a cesty 
610 2 0 |a podmienky prírodné 
610 2 0 |a ekológia 
610 2 0 |a technika 
610 2 0 |a prístavy